| 000 | 02536nam0a2200361 4500 | ||
|---|---|---|---|
| 001 | RU\NLR\BIBL_A\011733206 | ||
| 005 | 20180628144510.0 | ||
| 010 |
_a978-5-7996-2359-3 _9100 |
||
| 021 |
_aRU _bКН-П-18-034779 _9КН-П-18-2522 |
||
| 035 | _a(NLR Aleph) 011733206 | ||
| 035 | _a(RuMoRGB)009630597 | ||
| 090 |
_a11538776 _c11538776 |
||
| 100 | _a20180619d2018 k y0rusy50 ca | ||
| 101 | 0 | _arus | |
| 102 | _aRU | ||
| 105 | _aa|||z|||000zy | ||
| 200 | 1 |
_aТренды молодежной политики в зеркале социальных наук и технологий _eмонография _f[Пономарев А. В., Айвазян А. А., Бедулева М. А. и др.] _gпод общей редакцией доктора педагогических наук А. В. Пономарева, кандидата философских наук Н. В. Поповой _gМинистерство образования и науки Российской Федерации, Уральский федеральный университет имени первого Президента России Б. Н. Ельцина, Институт физической культуры, спорта и молодежной политики |
|
| 210 |
_aЕкатеринбург _cИзд-во Уральского университета _d2018 |
||
| 215 |
_a259 с. _cил., цв. ил., табл. _d20 |
||
| 300 | _aАвт. указаны на обороте тит. л. | ||
| 320 | _aБиблиогр.: с. 243-259 и в подстроч. примеч. | ||
| 606 | 1 |
_aМолодежная политика _xСоциальный аспект _2nlr_sh2 _3RU\NLR\AUTH\6601575391 |
|
| 686 | 1 | _aС550.325.1 | |
| 701 | 1 |
_aПономарев _bА. В. _cд-р пед. наук, канд. хим. наук _gАлександр Владимирович _3RU\NLR\AUTH\7735264 |
|
| 701 | 1 |
_aАйвазян _bА. А. _gАртак Андраникович |
|
| 701 | 1 |
_aБедулева _bМ. А. _gМарина Александровна |
|
| 712 | 0 | 2 |
_aУральский федеральный университет им. первого Президента России Б. Н. Ельцина _cЕкатеринбург _bИнститут физической культуры, спорта и молодежной политики _3RU\NLR\AUTH\8810245266 _4570 |
| 942 | _cBOOK | ||
| 980 | _aNBR | ||
| 980 | _aNB | ||